Energy performance of residential buildings (Record no. 103705)

MARC details
000 -LEADER
fixed length control field 00864cam a2200229 4500
001 - CONTROL NUMBER
control field L127081
008 - FIXED-LENGTH DATA ELEMENTS--GENERAL INFORMATION
fixed length control field 040817n2005 000 0 eng u
020 ## - INTERNATIONAL STANDARD BOOK NUMBER
International Standard Book Number 1902916492
035 ## - SYSTEM CONTROL NUMBER
System control number (Sirsi) u127081
041 0# - LANGUAGE CODE
Language code of text/sound track or separate title eng
050 04 - LIBRARY OF CONGRESS CALL NUMBER
Classification number 697 $2 18
245 00 - TITLE STATEMENT
Title Energy performance of residential buildings
260 ## - PUBLICATION, DISTRIBUTION, ETC.
Place of publication, distribution, etc. London
Name of publisher, distributor, etc. Earthscan
Date of publication, distribution, etc. 2005
300 ## - PHYSICAL DESCRIPTION
Extent xii, 139p.
Other physical details ill.
Dimensions 31cm.
350 ## - PRICE (NR) (BK AM CF MU VM SE) [OBSOLETE]
Price 65
520 ## - SUMMARY, ETC.
Summary, etc. Presents detailed information on energy rating of residential buildings. Discusses: theoretical and experimental energy rating techniques; new experimental protocols to evaluate energy performance; and energy normalization techniques.
520 ## - SUMMARY, ETC.
Summary, etc. Accompanied by a CD-ROM (L145148) which is not available for loan.
651 #4 - SUBJECT ADDED ENTRY--GEOGRAPHIC NAME
Geographic name United Kingdom
Chronological subdivision
690 ## - LOCAL SUBJECT ADDED ENTRY--TOPICAL TERM (OCLC, RLIN)
Topical term or geographic name as entry element BUILT ENVIRONMENT-BUILDING STANDARDS
700 1# - ADDED ENTRY--PERSONAL NAME
Personal name Santamouris, M.
942 ## - ADDED ENTRY ELEMENTS (KOHA)
Suppress in OPAC 0
Holdings
Withdrawn status Lost status Source of classification or shelving scheme Damaged status Not for loan Home library Current library Shelving location Date acquired Cost, normal purchase price Total Checkouts Full call number Barcode Date last seen Date last checked out Copy number Cost, replacement price Price effective from Koha item type
    Dewey Decimal Classification     London London Books 06/12/2004 59.88 5 F697 SAN 30069738 06/08/2019 20/11/2007 1 59.88 06/08/2019 Book